000 00493nam a2200181Ia 4500
005 20250508152444.0
008 008 250505s9999 xx 000 0 eng d
037 _aTextual
040 _aFEDL
_beng
_cFEDL
041 _aeng
_2eng
084 _a920, EMD
_qFEDL
100 _aEmden Cecil S
_9427348
245 0 _aPoets in their letters
260 _aLondon, UK
_bOxford University Press
_c1959
300 _axii,232p.
942 _cTEXL
_h920, EMD
999 _c1336532
_d1336532